| 000 | 01154nam a2200313 i 4500 | ||
|---|---|---|---|
| 001 | 000021718 | ||
| 003 | DO-SdBNP | ||
| 005 | 20250217091458.0 | ||
| 007 | ta | ||
| 008 | 100910s1992 dr ac r 000 0 spa d | ||
| 040 |
_aDO-SdBNP _bspa _cBNPHU _erda |
||
| 082 |
_bV443f _222 |
||
| 100 | 1 |
_aVeloz Maggiolo, Marcio, _d1936-2021 _91104 _eautor |
|
| 245 | 1 | 3 |
_aLa fundación de la Villa de Santo Domingo : _bun estudio arqueo-histórico / _cMarcio Veloz Maggiolo, Elpidio Ortega ; prólogo Nicolás de Jesús López Rodríguez. |
| 264 | 1 |
_aSanto Domingo : _bAmigo del Hogar, _c1992. |
|
| 300 |
_a277 páginas _bilustraciones, retratos _c24 cm. |
||
| 336 |
_2rdacontent _atexto _btxt |
||
| 337 |
_2rdamedia _asin mediación _bn |
||
| 338 |
_2rdacarrier _avolumen _bnc |
||
| 490 | 1 | _aQuinto Centenario | |
| 490 | 1 |
_aHistoria de la ciudad _v1 |
|
| 500 | _aIncluye datos biográficos de los autores en las solapas | ||
| 504 | _aBibliografía : 233-237 | ||
| 590 | _aInventariado, 2024/ YL | ||
| 700 | 1 |
_aOrtega, Elpidio _916002 _eautor |
|
| 700 | 1 |
_a López Rodríguez, Nicolás de Jesús, _d1936- _eprólogo _9670 |
|
| 910 | _aYLockward | ||
| 942 |
_2ddc _cLBS1 |
||
| 999 |
_c21217 _d21217 |
||